Music Quiz

Random Music or Song Quiz

Michael Jackson #1 Singles Quiz Stats

 Plays Quiz Updated Oct 4, 2018

Score 0/13 Timer 06:00
5 Plays Today
Year Title % Correct
1983Billie Jean
87.9%
1983Beat It
77%
1987Bad
74.2%
1988Man In The Mirror
57.2%
1980Rock With You
38.3%
1987The Way You Make Me Feel
36.1%
1979Don't Stop 'Til You Get Enough
31%
1995You Are Not Alone
28.6%
1992Remember the Time
22.8%
1982The Girl Is Mine
22.1%
1987I Just Can't Stop Loving You
15%
1992In the Closet
12.5%
1988Another Part Of Me
8.8%

You're not logged in!

Compare scores with friends on all Sporcle quizzes.
OR
Log In

Sporcle TV

Today on Sporcle TV


Watch our educational content, quiz creation guides, and fun videos on Sporcle TV.

Show Comments

Extras

Top Quizzes Today


Score Distribution

Your Account Isn't Verified!

In order to create a playlist on Sporcle, you need to verify the email address you used during registration. Go to your Sporcle Settings to finish the process.

Report this User

Report this user for behavior that violates our Community Guidelines.

Details: